Perfil dos gestores municipais de saúde do estado de Mato Grosso / (Record no. 1268)

MARC details
000 -LÍDER
Campo Fixo de Controle 00755nam a2200229 a 4500
001 - NÚMERO DE CONTROLE
Campo de Controle 1268
003 - IDENTIFICAÇÃO DO NÚMERO DE CONTROLE
Campo de Controle BR-CuiBMT
005 - DATA E HORA DA ÚLTIMA ATUALIZAÇÃO
Campo de Controle 20231203031912.0
008 - DADOS FIXOS
Dados Fixos 231101s2008 mtba 000 0 por d
020 ## - INTERNATIONAL STANDARD BOOK NUMBER
Nº do ISBN 9788589898720
040 ## - AGÊNCIA CATALOGADORA
Código da Agência Catalogadora BR-CuiBMT
Agência que transcreveu o registro BR-CuiBMT
080 ## - Nº DA CLASSIFICAÇÃO DECIMAL UNIVERSAL
Nº Class. CDU 614:658.115
Subd. Auxiliar Comum (817.2)
Nº edição CDU 2007
090 ## - NÚMERO DE CHAMADA
Nº classificação 614:658.115(817.2)
Cutter L961p
100 1# - ENTRADA PRINCIPAL -- AUTOR PESSOAL
Nome pessoal Luna, Stella Maris Malpici
245 10 - TÍTULO PRINCIPAL
Título principal Perfil dos gestores municipais de saúde do estado de Mato Grosso /
Indicação de responsabilidade Stella Maris Malpici Luna.
260 ## - PUBLICAÇÃO, DISTRIBUIÇÃO, ETC.
Local de publicação Cáceres :
Editora EDUNEMAT,
Data c2008.
300 ## - DESCRIÇÃO FÍSICA
N. páginas ou volumes 134 p. :
Ilustrações il. ;
Dimensões 22 cm
650 ## - ASSUNTO TÓPICO
Cabeçalho tópico ou nome geográfico Saúde pública
Subdivisão geral Administração
650 ## - ASSUNTO TÓPICO
Cabeçalho tópico ou nome geográfico Sistema único de saúde
Subdivisão geral SUS
Subdivisão geográfica Mato Grosso
650 ## - ASSUNTO TÓPICO
Cabeçalho tópico ou nome geográfico Gestores municipais
Subdivisão geral Saúde
Subdivisão geográfica Mato Grosso
942 ## - ELEMENTOS DE ENTRADA ADICIONAIS (KOHA)
Fonte de classificação ou esquema de arquivamento Classificação Decimal Universal
Tipo de item do Koha Livros
Holdings
Estado: removido Estado: perdido Fonte de classificação ou esquema de arquivamento Estado: danificado Indisponível para empréstimo Localização permanente Localização atual Data de aquisição Total Checkouts Número de Chamada completo Código de barras Date last seen Número do exemplar Preço efetivo a partir de Tipo de item (Koha)
    Classificação Decimal Universal     Biblioteca da Escola Superior de Contas do TCE/MT Biblioteca da Escola Superior de Contas do TCE/MT 02/12/2023   614:658.115(817.2) L961p BIBTCEMT23120085 03/12/2023 Ex. 1 03/12/2023 Livros
    Classificação Decimal Universal     Biblioteca da Escola Superior de Contas do TCE/MT Biblioteca da Escola Superior de Contas do TCE/MT 02/12/2023   614:658.115(817.2) L961p BIBTCEMT23120086 03/12/2023 Ex. 2 03/12/2023 Livros

Powered by Koha